| 000 | 00570nam a2200181Ia 4500 | ||
|---|---|---|---|
| 001 | 23616 | ||
| 003 | IN-NITTTR | ||
| 005 | 20251114233305.0 | ||
| 008 | 251113s9999||||xx |||||||||||||| ||eng|| | ||
| 040 | _beng | ||
| 040 | _cIN-NITTTR | ||
| 041 | _aeng | ||
| 082 | _aPR624.1771 P94S | ||
| 100 | _aFirst national conference on Computer aided Structural Analysis anddesign(NC-CASAD), | ||
| 245 | 0 |
_aProceedings / _cFirst national conference on Computer aided Structural Analysis anddesign(NC-CASAD)January3-5,1996Hydrabad |
|
| 260 |
_aHydrabad _c1996 |
||
| 942 |
_2ddc _cBK |
||
| 999 |
_c26245 _d26245 |
||